000 00252nam a22001217a 4500
008 170315b xxu||||| |||| 00| 0 eng d
041 _aeng
080 _24TH
_a611
100 _a7
101 _aSHM
245 _aPHYSIOLOGY
_cBERNE, R.M
942 _2udc
_cBK
999 _c7872
_d7872